Hino do Corinthians - Statistics

Estatísticas Gerais
  • Esse quiz foi jogado 1 548 vezes
  • A pontuação média é 49 de 56
Estatísticas das Respostas
% Correto
Corinthians!
99%
Corinthians!
99%
Corinthians
99%
do
99%
do
99%
do
99%
o
99%
O
99%
o
99%
O
99%
Salve
99%
Salve
99%
campeão
98%
dos
98%
dos
98%
dos
98%
e
98%
é
98%
é
98%
campeões.
97%
Eternamente,
96%
corações.
95%
De
95%
nosso
95%
dentro
93%
nossos
92%
Brasil!
90%
Brasil.
90%
és
90%
És
90%
Tu
88%
glórias
86%
mil.
86%
orgulho,
86%
passado
81%
bandeira,
80%
tradições
80%
uma
80%
uma
80%
presente
79%
Teu
79%
teu
79%
grande.
77%
brasileiro.
76%
mais
75%
clube
74%
esporte
73%
lição.
73%
desportistas
72%
Sempre
72%
os
70%
entre
68%
primeiros
68%
bretão.
67%
Figura
65%
altaneiro.
62%
Nenhum quiz correspondente encontrado
Distribuição das Pontuações
Porcentagem de Pessoas com Cada Pontuação
Percentil de Números Respondidos
Sua Pontuação Histórica
Você não jogou esse quiz